000 01110nam a22003137a 4500
003 CHAP
005 20220329143310.0
008 080314s2004 es a r 00010 spa d
010 _a94608
011 _a95580
020 _a8420010219
035 _a106207
040 _cCHAP
082 0 4 _a663.3
_bB33
100 1 _aBaxter, E. Denise
_910984
245 1 0 _aCerveza :
_bcalidad, higiene y características nutricionales
_c/por E. Denise Baxter y Paul S. Hughes
260 _aZaragoza, Esp. :
_bAcribia,
_c2004
300 _axv, 154 p. :
_bilus., gráfs., tablas, diagramas
500 _aTraducción de : Beer : quality, safety and nutritional aspects, c2001
590 _aBATCH-UPD
_b10
_c20130110
_lUCH01
_h0538
590 _aCONVERSION
_b10
_c20130109
_lUCH01
_h1352
650 1 4 _aBebidas
_xCalidad.
_911111
650 1 4 _aCerveza.
_921641
700 1 _aHughes, Paul S.
_956803
901 _aBK
942 _cLIBRO
949 _a633.3 B33
_bBC
_cLIBRO
_d33724002043025
_eLIBRO
_fc.2
_gI. c/e
_h110732
_i106207
_si
_t$253.50
949 _a663.3 B33
_bBC
_cLIBRO
_d33724002071199
_eLIBRO
_gI.c/e
_h109319
_i106207
_si
_t$253.50
999 _c94608
_d94608